00539nam a22001697a 450000500170000000800410001702000150005805000210007310000190009424500750011325000110018826000550019930000210025450400210027565000400029670000330033620250707085521.0170426b1999 ag ||||| |||| 00| 0 spa d a950727236405aKHA346bB37 19991 aBasz, Victoria10aDerecho internacional privado c / Victoria Basz, Elisabet Campanella. a1a ed. aBuenos Aires :bRubinzal - Culzoni Editores,c1999 a323 p. ;c23 cm. aIncluye índice 72lembaConflicto de leyeszArgentina1 aCampanella, Elisabet,eautor